Štefan Moyzes na pamätnej minci
Piata pamätná minca emisného plánu NBS na r. 1997 je venovaná 200. výročiu narodenia Štefana Moyzesa, popredného predstaviteľa slovenského národného hnutia druhej polovice minulého storočia a prvého predsedu Matice slovenskej.
Na minha lista:
| Autor principal: | |
|---|---|
| Formato: | Capítulo de Livro |
| Idioma: | eslovaco |
| Assuntos: | |
| Tags: |
Sem tags, seja o primeiro a adicionar uma tag!
|
MARC
| LEADER | 00000naa a2200000 4500 | ||
|---|---|---|---|
| 001 | r027450 | ||
| 005 | 20221130073309.8 | ||
| 041 | 0 | |a slo | |
| 044 | |a SK | ||
| 245 | 1 | 0 | |a Štefan Moyzes na pamätnej minci |c Dagmar Flaché |
| 520 | |a Piata pamätná minca emisného plánu NBS na r. 1997 je venovaná 200. výročiu narodenia Štefana Moyzesa, popredného predstaviteľa slovenského národného hnutia druhej polovice minulého storočia a prvého predsedu Matice slovenskej. | ||
| 610 | 2 | 0 | |a mince |
| 610 | 2 | 0 | |a emisia |
| 610 | 2 | 0 | |a 1997 |
| 610 | 2 | 0 | |a NBS Bratislava |
| 610 | 2 | 0 | |a Slovensko |
| 610 | 2 | 0 | |a Moyzes, Š. |
| 100 | 1 | |a Flaché, Dagmar | |